000 00832nam a2200253 a 4500
001 000024004
003 DO-SdBNP
005 20240412074251.0
008 110118s2010 dr a r 000 p spa d
020 _a9789945473001
040 _aDO-SdBNP
_bspa
_cBNPHU
082 4 _aRD861.44
_bC199a
_222
100 1 _aCampusano, Ramón
_949343
245 1 0 _aAlma de caminante /
_cRamón Campusano ; prólogo Monica Galleano Lehmann.
260 _aSanto Domingo :
_bSantuario,
_c2010.
300 _a107 p. ;
_c22 cm.
500 _aIncluye datos biográficos del autor en la solapa de la cubierta
590 _aInventariado, 2018/BT
650 0 _aPoesía dominicana
_966
650 0 _aLiteratura dominicana.
_967
700 1 2 _aGalleano Lehmann, Monica,
_epról.
_949344
910 _aValidado. Control de calidad. MFF
942 _2ddc
_cLBS1
999 _c23499
_d23499